[Event "Open"]
[Site "Abudhabi UAE"]
[Date "2000.09.04"]
[Round "9"]
[White "Abdullah,Ma"]
[Black "Taleb,M"]
[Result "1/2-1/2"]
[WhiteElo "2290"]
[BlackElo "2389"]

1.e4 c5 2.Nf3 Nc6 3.Bb5 g6 4.O-O Bg7 5.c3 Qb6 6.Na3 a6 7.Qa4 Qa7 8.Bxc6 dxc6
9.h3 Nf6 10.d3 O-O 11.Be3 Nd7 12.Qc2 Qb8  1/2-1/2

[Event "Open"]
[Site "Cesenatico ITA"]
[Date "2000.09.04"]
[Round "2"]
[White "Brancaleoni,M"]
[Black "Tomescu,V"]
[Result "1/2-1/2"]
[WhiteElo "2199"]
[BlackElo "2432"]

1.e4 c5 2.Nf3 Nc6 3.Bb5 e6 4.O-O Nge7 5.Re1 a6 6.Bf1 d5 7.exd5 Qxd5 8.b3 Nf5
9.Bb2 Be7 10.Bd3 O-O 11.Be4 Qd6 12.Na3 Qc7 13.Nc4 f6 14.a4 Nd6 15.Nxd6 Bxd6
16.h3 e5 17.d3 Be6 18.Nd2 Rad8 19.Bc3 b5 20.axb5 axb5 21.Ra6 Nb4 22.Bxb4 cxb4
23.Bc6 Bc8 24.Bxb5 Bxa6 25.Bxa6 Bc5 26.Ne4 Bd4 27.Bc4+ Kh8 28.c3 bxc3 29.Qc2 Qa5
30.Rc1 Ra8 31.Nxc3 Bxc3 32.Qxc3 Qxc3 33.Rxc3 Ra1+ 34.Kh2 Rc8 35.Rc2 g6 36.Rd2 Rca8
37.d4 e4 38.d5 R8a2 39.Rd4 Rxf2 40.Rxe4 Raa2 41.Kg3 Rxg2+ 42.Kf4 Rad2 43.Re6 Kg7
44.Rc6 Rh2 45.Kg3 Rh1 46.b4 Rc1 47.Kf3 Rc3+ 48.Ke4 Rxh3 49.b5 Rh4+ 50.Ke3 Rdd4
51.d6 Rxc4 52.Rxc4 Rh3+ 53.Kd2 Kf7 54.Rb4 Ra3 55.b6 Ra8 56.Kd3 Ke6 57.b7 Rb8
58.Rb6 f5 59.Kd4 f4 60.Kc5 Kd7 61.Rb4 g5 62.Re4  1/2-1/2

[Event "Open"]
[Site "Cesenatico ITA"]
[Date "2000.09.04"]
[Round "3"]
[White "Guanciale,O"]
[Black "Lagrotteria,S"]
[Result "1/2-1/2"]
[WhiteElo "2183"]
[BlackElo "2201"]

1.e4 c5 2.Nf3 Nc6 3.Bb5 g6 4.Bxc6 dxc6 5.d3 Bg7 6.O-O e5 7.h3 b6 8.Nc3 f6
9.Ne1 Nh6 10.f4 O-O 11.Nf3 Qd6 12.fxe5 fxe5 13.Be3 Nf7 14.a4 a5 15.Nd2 Be6
16.b3 Nd8 17.Qe2 Rxf1+ 18.Rxf1 Ra7 19.Nc4 Qb8 20.Kh1 Rf7 21.Bg5 Rxf1+ 22.Qxf1 Bxc4
23.bxc4 Ne6 24.Be3 Qd8 25.Ne2 Bf6 26.Qa1 Kf7 27.Qb2 Ke7 28.Ng1 Kf7 29.Nf3 Qc7
30.Qc1 Kg8 31.Nh2 h5 32.Nf3 Kg7 33.Ng5 Bxg5 34.Bxg5 Qf7 35.Bh6+ Kh7 36.Be3 Kg7
37.Kg1 Qe7 38.Bh6+ Kh7  1/2-1/2

[Event "6th WUCC"]
[Site "Golden Sands BUL"]
[Date "2000.09.04"]
[Round "4"]
[White "Alvarado,C"]
[Black "Matthiesen,A"]
[Result "1-0"]
[WhiteElo "2076"]
[BlackElo "2292"]

1.e4 c5 2.Nf3 Nc6 3.Bb5 g6 4.Bxc6 dxc6 5.d3 Bg7 6.Nc3 e5 7.Be3 Qe7 8.Qd2 Nf6
9.h3 O-O 10.O-O-O Rd8 11.Bg5 c4 12.d4 h6 13.Bxh6 exd4 14.Bxg7 Kxg7 15.Nxd4 c5
16.Nc6 Rxd2 17.Nxe7 Rxd1+ 18.Rxd1 Be6 19.f3 Nh5 20.Ne2 b5 21.Nd5 Rd8 22.Ndf4 Rxd1+
23.Kxd1 Nxf4 24.Nxf4 Bd7 25.Kd2 Kf6 26.Nd5+ Ke5 27.Ke3 g5 28.a4 bxa4 29.g4 Be6
30.Nc3 Bd7 31.Nb1 Be6 32.c3 Bd7 33.Na3 Be6 34.Nc2 f6 35.Ne1 Bg8 36.Ng2 Bh7
37.h4 Bg6 38.h5 Bh7 39.Kf2 Bg8 40.Ne3 Kd6 41.Nd5 Ke5 42.Ke3 Bh7 43.Kd2 a3
44.bxa3 Bg8 45.Ne7 Bh7 46.Nc6+  1-0

[Event "6th WUCC"]
[Site "Golden Sands BUL"]
[Date "2000.09.04"]
[Round "4"]
[White "Bojkov,D"]
[Black "Abbasifar,H"]
[Result "1-0"]
[WhiteElo "2326"]
[BlackElo "2375"]

1.e4 c5 2.Nf3 Nc6 3.Bb5 Nf6 4.e5 Nd5 5.O-O a6 6.Bxc6 dxc6 7.b3 Bg4 8.Bb2 Qd7
9.d3 Qf5 10.Nbd2 Nf4 11.Kh1 h5 12.Nc4 Ng6 13.a4 e6 14.a5 h4 15.Ne3 Bxf3 16.Qxf3 Qxf3
17.gxf3 h3 18.Ra4 Nh4 19.Rg1 Rh5 20.Rg3 Ng6 21.f4 Ne7 22.Rc4 Nd5 23.Ba3 Rc8
24.Bxc5 Bxc5 25.Rxc5 Nxf4 26.Rxg7 Ng6 27.Nc4 Rd8 28.Rg8+ Ke7 29.Rxd8 Kxd8
30.Nd6 Ke7 31.d4 Rh4 32.Rc4 Rg4 33.Rb4 Rf4 34.Rxb7+ Kf8 35.Kg1 Rxd4 36.Rb8+ Kg7
37.Ne8+ Kh6 38.Kf1 Nxe5 39.Nc7 Kg7 40.Ne8+ Kg6 41.Nc7 Kh7 42.Nxa6 Rd5 43.Rb4 Rxa5
44.Ra4 Rxa4 45.bxa4 Nf3 46.Nb8 Nxh2+ 47.Kg1 Nf3+ 48.Kh1 Ne5 49.a5 Nc4 50.a6 Nb6
51.Nxc6 Kg6 52.Kh2 Kf5 53.Kxh3 Kf4 54.Kg2 e5 55.a7 Na8 56.Nd8 f6 57.Ne6+ Kf5
58.Nc5 e4 59.c4 Ke5 60.Na4 f5 61.c5 Kd4 62.Nb6 Nc7 63.a8=Q Nxa8 64.Nxa8 Kxc5
65.Nc7 Kd4 66.Ne6+ Ke5 67.Ng7 f4 68.Kf1 Kf6 69.Ne8+ Ke7 70.Nc7 Kd6 71.Nb5+ Kc5
72.Nc3 Kd4 73.Ne2+ Ke5 74.Ke1 Kf5 75.Nd4+ Ke5 76.Nc2 Kf5 77.Ke2 Ke5 78.Kd2 Kd5
79.Kc3 Kc5 80.Nb4 e3 81.f3 Kb5 82.Nd5 Kc5 83.Nxf4  1-0

[Event "chT-POL"]
[Site "Zakopane chT"]
[Date "2000.09.04"]
[Round "3"]
[White "Kveinys,A"]
[Black "Zezulkin,J"]
[Result "0-1"]
[WhiteElo "2522"]
[BlackElo "2529"]

1.e4 c5 2.Nf3 Nc6 3.Bb5 g6 4.O-O Bg7 5.c3 Nf6 6.Re1 O-O 7.d4 d5 8.e5 Ne4
9.Bxc6 bxc6 10.Nbd2 cxd4 11.cxd4 Bf5 12.Nf1 f6 13.exf6 exf6 14.N3d2 a5 15.f3 Nxd2
16.Bxd2 Bd3 17.Bxa5 Qxa5 18.Qxd3 Qb6 19.Nd2 Qxb2 20.Reb1 Qa3 21.Rb3 Qa4 22.Qc3 f5
23.Rb4 Qa3 24.Nb3 Rfc8 25.Rb7 Qa6 26.Re7 Bf6 27.Re6 Kf7 28.Qe3 Re8 29.Re1 Qc8
30.Rxe8 Qxe8 31.Qd2 Rxa2 32.Qc1 Re2 33.Kf1 Rxe1+ 34.Qxe1 Qb8 35.Qc3 Qxh2
36.Qxc6 Qh1+ 37.Kf2 Bh4+ 38.g3 Qh2+ 39.Ke3 Qg1+ 40.Kd3 Qf1+ 41.Kc2 Qe2+ 42.Nd2 Bxg3
43.Qxd5+ Kg7 44.Qc4 Qxc4+ 45.Nxc4 h5 46.Kd3 h4 47.Ke2 Bf4 48.Kf2 g5 49.Nb2 Kf6
50.Kg2 Ke6 51.Nd1 Kd5  0-1

[Event "FIDE women's World Cup Gp B"]
[Site "Shenyang CHN"]
[Date "2000.09.05"]
[Round "5"]
[White "Skripchenko,A"]
[Black "Amura,C"]
[Result "1-0"]
[WhiteElo "2450"]
[BlackElo "2351"]

1.e4 c5 2.Nf3 Nc6 3.Bb5 e6 4.Bxc6 bxc6 5.d3 Qc7 6.O-O e5 7.c3 Nf6 8.Re1 Be7
9.d4 cxd4 10.cxd4 d6 11.dxe5 dxe5 12.b3 Bb4 13.Bd2 a5 14.a3 Bxd2 15.Nbxd2 O-O
16.Nc4 Rd8 17.Qc2 Nd7 18.Rac1 f6 19.Red1 Nf8 20.Ne3 Rxd1+ 21.Rxd1 Be6 22.Nd2 Rb8
23.Rc1 Qd6 24.Ndc4 Qc5 25.Qc3 Rb5 26.Rd1 Nd7 27.Nf5 Bxc4 28.Rxd7 Rxb3 29.Qc1 Be6
30.Rd8+ Kf7 31.Qd1 Bxf5 32.exf5  1-0

[Event "It Gp A"]
[Site "Albacete ESP"]
[Date "2000.09.06"]
[Round "2"]
[White "Perez,Rod"]
[Black "Arizmendi Martinez,J"]
[Result "1/2-1/2"]
[WhiteElo "2478"]
[BlackElo "2456"]

1.e4 c5 2.Nf3 Nc6 3.Bb5 a6 4.Bxc6 dxc6 5.d3 Qc7 6.h3 e5 7.a4 a5 8.Be3 f6
9.Nbd2 Be6 10.Nc4 b6 11.Nfd2 Ne7 12.O-O Ng6 13.c3 Rb8 14.Qh5 Qd8 15.Qe2 Be7
16.Nf3 Bxc4 17.dxc4 O-O  1/2-1/2

[Event "Open"]
[Site "Cesenatico ITA"]
[Date "2000.09.06"]
[Round "5"]
[White "Kowalczyk,Mart"]
[Black "Adinolfi,V"]
[Result "1/2-1/2"]
[WhiteElo "2120"]
[BlackElo "2132"]

1.e4 c5 2.Nf3 Nc6 3.Bb5 g6 4.O-O Bg7 5.c3 d6 6.d4 Bd7 7.dxc5 dxc5 8.Be3 b6
9.Qa4 Qc7 10.Bf4 e5 11.Bg3 a6 12.Rd1 Nge7 13.Nbd2 O-O 14.Bxc6 Bxc6 15.Qc2 b5
16.Ne1 Rfd8 17.Nf1 Bb7 18.f3 Bf8 19.Rxd8 Rxd8 20.Rd1 f6 21.a4 Kg7 22.axb5 axb5
23.Bf2 Nc8 24.Rxd8 Qxd8 25.Qd3 Qxd3 26.Nxd3 c4 27.Nc5 Bxc5 28.Bxc5 Kf7 29.Kf2 Ke6
30.Nd2 Nd6 31.b3 cxb3 32.Nxb3 f5 33.exf5+ Nxf5 34.Bb4 Bd5 35.Nc5+ Kf7 36.Nd7 e4
37.fxe4 Bxe4 38.c4 bxc4 39.Ne5+ Ke6 40.Nxc4 h5 41.g3 Bd5 42.Ne3 Nd4 43.Bc3 Nb5
44.Ba5 Ke5 45.h4 Be6 46.Bd8 Nc3 47.Kf3 Bd5+ 48.Nxd5 Nxd5 49.Ba5 Kf5 50.Bd8 Nb4
51.Bc7 Nc6 52.Bd6 Nd4+ 53.Kg2 Kg4 54.Bb8 Nb3 55.Bc7 Kf5 56.Kf3 Nd2+ 57.Kg2 Ke4
58.Kf2 Nc4 59.Bb8 Nb6 60.Bc7 Nd5 61.Bd6 Nc3 62.Bb8 Nd1+ 63.Kg2 Ke3 64.Bf4+ Ke2
65.Bg5 Nb2 66.Bf4 Nd3 67.Bc7 Ne1+ 68.Kh2 Kf2 69.Bd6 Kf3 70.Bc7 Nd3 71.Bd6 Nf2
72.Bc7 Ng4+ 73.Kh3 Kf2 74.Bb6+ Kf1 75.Bc5 Ke2 76.Kg2 Ne5 77.Bd6 Nd3 78.Bc7 Ne1+
79.Kh3 Kf3 80.Kh2 Kg4 81.Ba5 Nf3+ 82.Kg2 Nxh4+ 83.gxh4 Kxh4 84.Bd8+ Kg4 85.Kh2 Kf4
86.Kh3 g5 87.Bxg5+  1/2-1/2

[Event "6th WUCC Women"]
[Site "Golden Sands BUL"]
[Date "2000.09.07"]
[Round "6"]
[White "Polovnikova,E"]
[Black "Anhchimeg,B"]
[Result "1-0"]
[WhiteElo "2386"]
[BlackElo "2139"]

1.e4 c5 2.Nf3 Nc6 3.Bb5 g6 4.Bxc6 bxc6 5.d4 Bg7 6.O-O cxd4 7.Nxd4 Nf6 8.Re1 O-O
9.c4 Rb8 10.e5 Ne8 11.Nxc6 Qc7 12.Nxb8 Bxe5 13.Qe2 Bxh2+ 14.Kh1 Qxb8 15.Bh6 Bd6
16.Bxf8 Kxf8 17.Nc3 a6 18.Rad1 Ng7 19.Rxd6 Qxd6 20.Qe5 Qxe5 21.Rxe5 d6 22.Ra5 Ne6
23.b4 Ke8 24.b5 axb5 25.cxb5 Bb7 26.Ra7 Nd8 27.a4 Kd7 28.a5 Kc7 29.a6 Kb6
30.Rxb7+ Nxb7 31.Nd5+ Ka7 32.axb7 e6 33.Nf6 d5 34.Nxh7 e5 35.Ng5 f6 36.Nh7  1-0

[Event "6th WUCC"]
[Site "Golden Sands BUL"]
[Date "2000.09.08"]
[Round "8"]
[White "Alvarado,C"]
[Black "Patuzzo,F"]
[Result "0-1"]
[WhiteElo "2076"]
[BlackElo "2296"]

1.e4 c5 2.Nf3 Nc6 3.Bb5 g6 4.Bxc6 bxc6 5.O-O Bg7 6.c3 f6 7.Qa4 Nh6 8.d3 Qc7
9.Na3 Nf7 10.Nc4 d6 11.Re1 O-O 12.Na5 Bd7 13.b3 Rac8 14.h3 f5 15.Bb2 e5 16.Qa3 Rce8
17.Nc4 Nd8 18.Qa5 Qxa5 19.Nxa5 h6 20.Rad1 Rf7 21.Nd2 Bf8 22.f3 Bc8 23.Nf1 Rc7
24.Ne3 Nf7 25.a3 Be7 26.b4 cxb4 27.axb4 Be6 28.Ra1 d5 29.Nxc6 Bh4 30.exd5 Bxe1
31.dxe6 Rxe6 32.Nxa7 Bd2 33.Nd5 Rb7 34.b5 Rd6 35.Kf1 Rxd5 36.Ke2 Bg5 37.c4 Rdd7
38.Nc6 e4 39.fxe4 fxe4 40.Ra8+ Kh7 41.d4 Bf4 42.d5 g5 43.Bd4 Nd6 44.Rh8+ Kg6
45.Na5 Nxb5 46.cxb5 Rxb5 47.Rg8+ Kf7 48.Rg7+ Ke8 49.Rg8+ Ke7 50.Rg7+ Kd8
51.Nc6+ Kc7 52.Be5+ Bxe5 53.Rxd7+ Kxd7 54.Nxe5+ Kd6 55.Nf7+ Kxd5 56.Nxh6 Rb2+
57.Ke3 Rxg2 58.Nf5 Ke5  0-1

[Event "Najdorf Final KO"]
[Site "Buenos Aires ARG"]
[Date "2000.09.09"]
[Round "1.1"]
[White "Perez Pietronave,C"]
[Black "Pierrot,F"]
[Result "1/2-1/2"]
[WhiteElo "2305"]
[BlackElo "2423"]

1.e4 c5 2.Nf3 Nc6 3.Bb5 g6 4.Bxc6 bxc6 5.O-O Bg7 6.d3 d6 7.Nc3 e5 8.Be3 Ne7
9.Qd2 Bg4 10.Nh4 Rb8 11.Rab1 O-O 12.Bh6 Nc8 13.g3 Bh3 14.Ng2 Nb6 15.Bxg7 Kxg7
16.f4 f6 17.b3 Nd7 18.Ne2 Qe7 19.Rf2 Bxg2 20.Kxg2 d5 21.Nc3 Qd6 22.Rbf1 Rbe8
23.h4 exf4 24.Qxf4 Qxf4 25.gxf4 Nb6 26.Re2 Re7 27.Rfe1 Rfe8 28.Kf3 Kf7 29.h5 c4
30.hxg6+ hxg6 31.Rh2 cxd3 32.cxd3 Nd7 33.Rh7+ Kg8 34.Rxe7 Rxe7 35.Rg1 dxe4+
36.Nxe4 Kf7 37.Nd6+ Ke6 38.Nc8 Rh7 39.Re1+ Kd5 40.Re7 Rxe7 41.Nxe7+ Kc5 42.Nxg6 Kd4
43.Ne7 c5 44.Nc6+ Kxd3 45.Nxa7 Kc3 46.Ke4 Kb2 47.Kd5 Kxa2 48.Kc4 f5 49.Nb5 Nf8
50.Nc3+ Ka3 51.Na4 Ne6 52.Nxc5 Nxf4 53.b4 Ng6 54.b5 Ne7 55.b6 Nc8  1/2-1/2

[Event "Open"]
[Site "Cesenatico ITA"]
[Date "2000.09.09"]
[Round "8"]
[White "Kowalczyk,Mart"]
[Black "Cecchetto,V"]
[Result "1-0"]
[WhiteElo "2120"]
[BlackElo "2139"]

1.e4 c5 2.Nf3 Nc6 3.Bb5 d6 4.d4 cxd4 5.Qxd4 Bd7 6.Bxc6 bxc6 7.c4 e5 8.Qd3 Nf6
9.O-O Be7 10.Bg5 h6 11.Bxf6 gxf6 12.Nc3 Rb8 13.b3 Rg8 14.Qe3 f5 15.exf5 Bxf5
16.Qxh6 Qa5 17.Ne2 Bd3 18.Qe3 e4 19.Ne1 Bxe2 20.Qxe2 Qe5 21.Rd1 f5 22.f3 d5
23.fxe4 Bc5+ 24.Kh1 fxe4 25.Nd3 Qd6 26.Nxc5 Qxc5 27.cxd5 cxd5 28.Qh5+ Ke7
29.Rxd5  1-0

[Event "chT-POL"]
[Site "Zakopane chT"]
[Date "2000.09.09"]
[Round "7"]
[White "Kuczynski,R"]
[Black "Lukaszewski,M"]
[Result "1-0"]
[WhiteElo "2479"]
[BlackElo "2203"]

1.e4 c5 2.Nf3 Nc6 3.Bb5 d6 4.O-O Bd7 5.c3 Nf6 6.Re1 a6 7.Bf1 Bg4 8.d3 e6
9.Nbd2 Be7 10.h3 Bh5 11.g4 Bg6 12.Nh4 Nd7 13.Nxg6 hxg6 14.f4 e5 15.f5 Bh4
16.Re2 Bg5 17.fxg6 fxg6 18.Qb3 Nf8 19.Nc4 Bxc1 20.Qxb7 Nd7 21.Rxc1 Na5 22.Nxa5 Rb8
23.Qxa6 Ra8 24.Qxd6  1-0

[Event "chT-POL"]
[Site "Zakopane chT"]
[Date "2000.09.09"]
[Round "7"]
[White "Kasperek,R"]
[Black "Antoniewski,R"]
[Result "0-1"]
[WhiteElo "2316"]
[BlackElo "2446"]

1.e4 c5 2.Nf3 Nc6 3.Bb5 g6 4.O-O Bg7 5.c3 Nf6 6.Re1 O-O 7.d4 d5 8.exd5 Qxd5
9.c4 Qd6 10.d5 Nb8 11.Nc3 Bf5 12.h3 Na6 13.Bg5 Nb4 14.g4 Bc2 15.Qd2 a6 16.a3 Nd3
17.Re3 axb5 18.Nxb5 Qb6 19.Qxc2 Nxb2 20.Rb3 Na4 21.Re1 Qd8 22.Rbe3 Qa5 23.Qb3 h6
24.Bf4 Nb6 25.Nc7 Rad8 26.Rxe7 Nfd7 27.d6 Nc8 28.Qxb7 Qc3 29.Nd5 Qxc4 30.Bg3 Nf6
31.Nxf6+ Bxf6 32.R7e4 Qd3 33.R4e3 Nxd6 34.Qc6  0-1

[Event "FSIMB September"]
[Site "Budapest HUN"]
[Date "2000.09.10"]
[Round "9"]
[White "Gouret,T"]
[Black "Seres,L"]
[Result "1-0"]
[WhiteElo "2346"]
[BlackElo "2444"]

1.e4 c5 2.Nf3 Nc6 3.Bb5 g6 4.O-O Bg7 5.Re1 Nf6 6.e5 Nd5 7.Nc3 Nc7 8.Bxc6 dxc6
9.d3 O-O 10.h3 Ne6 11.Ne4 b6 12.Neg5 h6 13.Nxe6 Bxe6 14.b3 Qd7 15.Bb2 Rfd8
16.Qe2 Qb7 17.Nd2 Rd7 18.Qe3 Rad8 19.f4 Rd5 20.Ne4 Rf8 21.Re2 Bf5 22.g4 Bc8
23.Rf1 f5 24.exf6 exf6 25.c4 Rdd8 26.f5 gxf5 27.gxf5 Qf7 28.Rg2 Kh7 29.Kh1 Qh5
30.Qg3 Bh8 31.Qg6+ Qxg6 32.fxg6+ Kg8 33.g7 Bxg7 34.Rfg1 Rxd3 35.Rxg7+ Kh8
36.R7g3 Rxg3 37.Rxg3 Rg8 38.Bxf6+ Kh7 39.Rxg8 Kxg8 40.Nf2 Bf5 41.Nd1 Bxh3
42.Be5  1-0

[Event "Golombek Mem"]
[Site "Paignton ENG"]
[Date "2000.09.11"]
[Round "9"]
[White "Naumann,A"]
[Black "Turner,M"]
[Result "1/2-1/2"]
[WhiteElo "2489"]
[BlackElo "2491"]

1.e4 c5 2.Nf3 Nc6 3.Bb5 g6 4.O-O Bg7 5.Re1 Nf6 6.c3 O-O 7.h3 e5 8.Bxc6 dxc6
9.Nxe5 Re8 10.d4 cxd4 11.cxd4 Nxe4 12.Bf4 Nf6 13.Nc3 Nd5 14.Bg3 Nxc3 15.bxc3 Be6
16.Rb1 f6 17.Nd3 b6 18.a4 Bf5 19.Rxe8+ Qxe8 20.Ra1 Qe4 21.Nb2 Be6 22.Qd2 Re8
23.Re1 Qf5  1/2-1/2

[Event "It Gp A"]
[Site "Albacete ESP"]
[Date "2000.09.12"]
[Round "8"]
[White "Perez,Rod"]
[Black "Merino Garcia,R"]
[Result "0-1"]
[WhiteElo "2478"]
[BlackElo "2322"]

1.e4 c5 2.Nf3 Nc6 3.Bb5 e6 4.O-O Nge7 5.b3 a6 6.Bxc6 Nxc6 7.Bb2 b5 8.Na3 Bb7
9.c4 b4 10.Nc2 Qb6 11.Re1 f6 12.a3 bxa3 13.Bxa3 e5 14.Nh4 g6 15.Rb1 Be7 16.Qg4 a5
17.Qh3 O-O-O 18.Nf3 h5 19.Ne3 Nb4 20.Bxb4 cxb4 21.Nd5 Bxd5 22.exd5 Bc5 23.d4 exd4
24.Nh4 f5 25.Qd3 Rhg8 26.Ra1 Kb7 27.Nf3 Rde8 28.Rxe8 Rxe8 29.Kf1 Re4 30.Nd2 Re8
31.Re1 Rxe1+ 32.Kxe1 Qf6 33.g3 Kb6 34.Kf1 Qe5 35.Qe2 d6 36.Qxe5 dxe5 37.f3 Be7
38.Ke2 h4 39.Kd3 Kc5  0-1

[Event "It"]
[Site "Herzeliya ISR"]
[Date "2000.09.13"]
[Round "8"]
[White "Boim,I"]
[Black "Zilberman,Y"]
[Result "0-1"]
[WhiteElo "2422"]
[BlackElo "2488"]

1.e4 c5 2.Nf3 Nc6 3.Bb5 g6 4.O-O Bg7 5.c3 Nf6 6.Re1 O-O 7.h3 e5 8.d4 exd4
9.cxd4 cxd4 10.e5 Nd5 11.Bxc6 dxc6 12.Qxd4 Bf5 13.Nc3 Nxc3 14.Qxc3 Re8 15.Bg5 Qb6
16.Rad1 Be6 17.a3 Bd5 18.Bf6 Bf8 19.Ng5 a5 20.h4 Qb3 21.Qd2 Qc4 22.Re3 Bc5
23.Rc3 Qg4 24.Nf3 Be7 25.Qh6 Bf8 26.Qg5 Qxg5 27.hxg5 Ra6 28.Nh2 Be6 29.Rd4 Rb6
30.Rcd3 Ra6 31.Rh4 Rb6 32.g4 Rb3 33.Rdh3 Rxh3 34.Rxh3 b5 35.f4  0-1

[Event "World Seniors"]
[Site "Rowy POL"]
[Date "2000.09.14"]
[Round "4"]
[White "Reichenbach,W"]
[Black "Davidov,Mi"]
[Result "1-0"]
[WhiteElo "2310"]
[BlackElo "2169"]

1.e4 c5 2.Nf3 Nc6 3.Bb5 d6 4.O-O Bd7 5.Re1 g6 6.c3 Bg7 7.d4 e5 8.dxc5 dxc5
9.Bg5 f6 10.Be3 b6 11.Na3 Nh6 12.Qd5 Qc7 13.Ba6 Rd8 14.Nb5 Qb8 15.Nd6+ Ke7
16.Nb7 Rc8 17.Nxc5 bxc5 18.Bxc5+ Ke8 19.Red1 Rd8 20.Nd2 Bf8 21.Nb3 Qc7 22.Bb5 a6
23.Ba4 Nd4 24.Rxd4 Bxa4 25.Qe6+ Be7 26.Rxa4 Nf7 27.Rxa6 Ng5 28.Qxe7+ Qxe7
29.Bxe7 Kxe7 30.Ra7+ Kd6 31.f3 f5 32.h4 Ne6 33.Rd1+ Kc6 34.Ra6+ Kb5 35.Rxd8 Nxd8
36.Ra5+ Kb6  1-0

[Event "World Seniors"]
[Site "Rowy POL"]
[Date "2000.09.14"]
[Round "4"]
[White "Mosionzhik,I"]
[Black "Szczepaniec,S"]
[Result "0-1"]
[WhiteElo "2267"]
[BlackElo "2126"]

1.e4 c5 2.Nf3 Nc6 3.Bb5 g6 4.O-O Bg7 5.d3 Nf6 6.Nc3 O-O 7.Bxc6 bxc6 8.Be3 d6
9.Qd2 Rb8 10.Rab1 Ng4 11.Bf4 e5 12.Bg5 f6 13.Bh4 Rf7 14.Ne1 Rfb7 15.Nd1 g5
16.Bg3 Be6 17.f3 Nh6 18.c4 d5 19.exd5 cxd5 20.cxd5 Bxd5 21.Bf2 Bf8 22.Nc3 Be6
23.Qe2 Nf5 24.b3 Nd4 25.Qd1 Qa5 26.Rc1 Kg7 27.h4 h6 28.hxg5 hxg5 29.Qd2 Rd7
30.Bxd4 cxd4 31.Ne4 Bb4 32.Qe2 Bd5 33.Nxg5 Bd2 34.Rc5 Qxc5 35.Qxd2 Qc3 36.Qe2 Rg8
37.Ne4 Qc6 38.Qf2 Rf7 39.Qh4 Qc1 40.Nd6 Qe3+ 41.Qf2 Qxf2+ 42.Kxf2 Rc7 43.f4 Rc1
44.Nf5+ Kf8 45.fxe5 fxe5 46.Ke2 Ke8 47.Rf2 Ra1 48.Kf1 Bxg2+ 49.Rxg2 Rxg2
50.Kxg2 Rxe1 51.Nd6+ Ke7 52.Nc4 Ke6 53.Kf2 Ra1 54.a3 Rb1 55.b4 Rb3 56.Ke2 Kd5  0-1

[Event "World Seniors"]
[Site "Rowy POL"]
[Date "2000.09.22"]
[Round "10"]
[White "Reichenbach,W"]
[Black "Brameyer,H"]
[Result "1/2-1/2"]
[WhiteElo "2310"]
[BlackElo "2271"]

1.e4 c5 2.Nf3 Nc6 3.Bb5 d6 4.O-O Bd7 5.Re1 Nf6 6.c3 a6 7.Bxc6 Bxc6 8.d4 cxd4
9.cxd4 Bxe4 10.Nc3 d5 11.Bg5 e6 12.Bxf6 gxf6 13.Nxe4 dxe4 14.Rxe4 Qd5 15.Re3 Bd6
16.Qb3 Qxb3 17.Rxb3 O-O-O 18.d5 exd5 19.Nd4 Rd7 20.Nf5 Be5 21.Rd1 Rhd8 22.g3 b5
23.Kg2 Rc7 24.Rd2 Rc5 25.f4 Bc7 26.Kf3 d4 27.g4 Rc4 28.Rbd3 Ba5 29.Re2 Bb6
30.Ng3 Rd6 31.Nf5 Rdc6 32.h3 a5 33.a3 a4 34.Ng3 Rd6 35.Ne4 Rdc6 36.Nf2 b4
37.axb4 Rxb4 38.Red2 Rb3 39.Rxb3 axb3 40.Rd3 Rc2 41.Rxb3 Bc7 42.Nd3 Rh2 43.Kg3 Re2
44.Nf2 Bxf4+ 45.Kf3 Rc2 46.Kxf4 Rxf2+ 47.Ke4 Rd2 48.Rb6 Rh2 49.Rxf6 Rxh3
50.Rxf7 d3 51.Rf5 d2 52.Rd5 Rh2 53.b4 Rg2 54.Kf3 Rh2 55.g5 Kc7 56.Ke3 Rg2  1/2-1/2

[Event "It"]
[Site "Medellin COL"]
[Date "2000.09.29"]
[Round "4"]
[White "Cuartas,J"]
[Black "Echavarria,J"]
[Result "1/2-1/2"]
[WhiteElo "2356"]
[BlackElo "2328"]

1.e4 c5 2.Nf3 Nc6 3.Bb5 g6 4.O-O Bg7 5.Re1 Nf6 6.e5 Nd5 7.Nc3 Nc7 8.Bxc6 dxc6
9.Ne4 Ne6 10.d3 O-O 11.Be3 b6 12.Qd2 f6 13.Bh6 a5 14.Bxg7 Kxg7 15.exf6+ exf6
16.Re2 Ra7 17.Rae1 Nd4 18.Nxd4 cxd4 19.Qf4 Rd7 20.h4 c5 21.Ng3 Qc7 22.Qg4 Rdf7
23.Qe4 Bb7 24.Qe6 Bc8 25.Qe4 Bb7 26.Qe6 Bc8 27.Qe4  1/2-1/2

[Event "V ECC Women"]
[Site "Halle GER"]
[Date "2000.09.30"]
[Round "7"]
[White "Sedina,E"]
[Black "Micic,J"]
[Result "1/2-1/2"]
[WhiteElo "2405"]
[BlackElo "2333"]

1.e4 c5 2.Nf3 Nc6 3.Bb5 d6 4.Bxc6+ bxc6 5.O-O e5 6.c3 g5 7.d4 g4 8.Nfd2 cxd4
9.cxd4 exd4 10.Qa4 Qb6 11.Na3 Ba6 12.Ndc4 Bxc4 13.Nxc4 Qb5 14.Qxb5 cxb5 15.Na3 a6
16.Bf4 Nf6 17.Rad1 Nh5 18.Bg3 Rc8 19.Rxd4 Nxg3 20.hxg3 Rg8 21.Nb1 Rg6 22.a4 Rc5
23.Rd5 Bg7 24.axb5 axb5 25.Na3 b4 26.Nb5 Kd7 27.b3 Rg5 28.Rxd6+ Ke7 29.Rfd1 Rxb5
30.Rd7+ Ke6 31.R1d6+ Ke5 32.Rd3 Rg6 33.Rxf7 Rbb6 34.Rdd7 Bf6 35.f3 gxf3 36.gxf3 Rxg3+
37.Kf2 Rg6 38.Rxh7 Rc6 39.Rd5+ Ke6 40.f4 Rg7 41.f5+ Ke7 42.Rxg7+ Bxg7 43.e5 Rc2+
44.Kf3 Rc3+ 45.Ke4 Rxb3 46.f6+ Bxf6 47.exf6+ Kxf6  1/2-1/2

[Event "It"]
[Site "Medellin COL"]
[Date "2000.10.01"]
[Round "6"]
[White "Gonzalez,Re"]
[Black "Echavarria,J"]
[Result "1-0"]
[WhiteElo "2435"]
[BlackElo "2328"]

1.e4 c5 2.Nf3 Nc6 3.Bb5 g6 4.O-O Bg7 5.Re1 Nf6 6.e5 Nd5 7.Nc3 Nc7 8.Bxc6 dxc6
9.Ne4 Ne6 10.d3 b6 11.Be3 O-O 12.Qd2 f5 13.exf6 exf6 14.Bh6 a5 15.Bxg7 Kxg7
16.a3 a4 17.Re2 g5 18.Nc3 Nd4 19.Nxd4 cxd4 20.Ne4 c5 21.Rae1 Ra7 22.Ng3 Raf7
23.f4 h6 24.Re4 f5 25.Re5 g4 26.R1e2 Kg6 27.Qe1 Bb7 28.Re6+ Rf6 29.R2e5 Bd5
30.Re7 h5 31.Nxh5 Kxh5 32.Qh4+  1-0

[Event "ch-HUN KO"]
[Site "Budapest HUN"]
[Date "2000.10.03"]
[Round "4.2"]
[White "Rigo,Ja"]
[Black "Bokros,A"]
[Result "1/2-1/2"]
[WhiteElo "2322"]
[BlackElo "2479"]

1.e4 c5 2.Nf3 Nc6 3.Bb5 g6 4.Bxc6 dxc6 5.Nc3 Bg7 6.d3 Nf6 7.Be3 b6 8.h3 O-O
9.Qd2 Re8 10.O-O e5 11.a4 a5 12.Bh6 Nh5 13.Ne2 Qd6 14.g4 Qf6 15.Kg2 Nf4+
16.Bxf4 exf4 17.e5 Qd8 18.Qxf4 Bxe5 19.Nxe5 Qd5+ 20.Kg3 Rxe5 21.Nc3 Qe6 22.Ne4 Ra7
23.Ng5 Qe8 24.Ne4 Qe7 25.Rae1 Kg7 26.Re3 f5 27.Nd6 Rxe3+ 28.fxe3 g5 29.Nxf5+ Bxf5
30.Qxf5 Qxe3+ 31.Qf3 Qe5+ 32.Kg2 Qd6 33.Qf5 h6 34.Rf3  1/2-1/2

[Event "White Tower Open"]
[Site "Halkidiki GRE"]
[Date "2000.10.06"]
[Round "4"]
[White "Zakarian,D"]
[Black "Milanovic,D"]
[Result "0-1"]
[WhiteElo "2305"]
[BlackElo "2399"]

1.e4 c5 2.Nf3 Nc6 3.Bb5 e6 4.Bxc6 bxc6 5.d3 Ne7 6.b3 Ng6 7.Bb2 f6 8.O-O Be7
9.Nc3 O-O 10.Na4 e5 11.Bc1 d6 12.c4 f5 13.Ne1 Nh4 14.Nc3 Qe8 15.f3 f4 16.Kf2 Qh5
17.Rh1 Ng6 18.Ke2 Rf6 19.Kd2 Nf8 20.Kc2 Ne6 21.Ne2 Qh4 22.a4 Qf2 23.Kb1 Rb8
24.Ra2 Qh4 25.Bd2 Bd8 26.Rb2 Rf7 27.Ka2 Rfb7 28.Nc2 Qh5 29.Qf1 Rf7 30.Rb1 Bc7
31.Ne1 Bd7 32.Qg1 Rd8 33.Nc2 Bc8 34.Nc3 Ba5 35.Qe1 Qg6 36.Rg1 Bc7 37.Qe2 Qh5
38.Rh1 Bd7 39.Rbf1 Rb8 40.Rb1 Rf6 41.Qf2 Qe8 42.Qe2 Qc8 43.Qd1 Qa6 44.Qe2 Rff8
45.Rb2 Rb6 46.g3 Rfb8 47.Rhb1 Nd4 48.Nxd4 cxd4 49.Nd1 c5 50.a5 R6b7 51.Qe1 fxg3
52.hxg3 Rf8 53.f4 d5 54.exd5 exf4 55.gxf4 Re8  0-1

[Event "It"]
[Site "Medellin COL"]
[Date "2000.10.09"]
[Round "14"]
[White "Garcia,Gild"]
[Black "Rios,M"]
[Result "1-0"]
[WhiteElo "2448"]
[BlackElo "2328"]

1.e4 c5 2.Nf3 Nc6 3.Bb5 g6 4.Bxc6 dxc6 5.d3 Bg7 6.h3 Nf6 7.Nc3 O-O 8.Be3 b6
9.Qd2 Ne8 10.Bh6 Nc7 11.h4 f6 12.Bxg7 Kxg7 13.h5 g5 14.h6+ Kh8 15.e5 Bg4
16.Nh2 Bh5 17.Nf1 Bg6 18.O-O-O Nd5 19.Re1 Nxc3 20.Qxc3 Qd4 21.exf6 Qxc3 22.bxc3 exf6
23.Ne3 Kg8 24.Nc4 Bf7 25.Nd6 Rad8 26.Nf5 Rfe8 27.Ng7 Rxe1+ 28.Rxe1 Rd7 29.c4 b5
30.cxb5 cxb5 31.Ne8 Bxe8 32.Rxe8+ Kf7 33.Rc8 Rd5 34.g4 Kg6 35.Rc6 Rd4 36.Rxc5 b4
37.Rc4 Rd6 38.Rxb4 Kxh6 39.Kd2 Kg6 40.Ra4 a6 41.Ra5 Re6 42.c4 h5 43.gxh5+ Kxh5
44.d4 Kg4 45.Ra3  1-0

[Event "Tatry Open"]
[Site "Tatranske Zruby SVK"]
[Date "2000.10.12"]
[Round "6"]
[White "Karnik,P"]
[Black "Furman,B"]
[Result "1-0"]
[WhiteElo "2341"]
[BlackElo "2261"]

1.e4 c5 2.Nf3 Nc6 3.Bb5 g6 4.O-O Bg7 5.c3 Nf6 6.Re1 O-O 7.d4 cxd4 8.cxd4 d5
9.e5 Ne4 10.Nc3 Bf5 11.h3 h6 12.g4 Be6 13.Bd3 Qb6 14.Be3 Ng5 15.Nxg5 hxg5
16.Na4 Qd8 17.Nc5 Bc8 18.Rc1 Qe8 19.Bxg5 Nxd4 20.Bxg6 fxg6 21.Qxd4 Qf7 22.Nd3 e6
23.Rc3 b6 24.Rec1 Ba6 25.Rc7 Qf3 26.Nf4 Rac8 27.R1c3 Qe4 28.Qxe4 dxe4 29.Rxg7+ Kxg7
30.Nxe6+ Kf7 31.Nxf8 Rxc3 32.e6+ Kxf8 33.bxc3 Bc4 34.e7+ Kf7 35.a3 Be2 36.Kh2 b5
37.Kg3 Bf1 38.h4 Be2 39.Kf4 Bf3 40.Bf6 Bd1 41.Kg5 Bc2 42.Kh6 a5 43.h5 gxh5
44.gxh5 Bd1 45.Kg5 Bc2 46.h6 e3 47.fxe3 a4 48.Kf4 Bh7 49.Ke5 Ke8 50.Bg5 Kf7
51.Kd6 Ke8 52.Kc6  1-0

[Event "Tatry Open"]
[Site "Tatranske Zruby SVK"]
[Date "2000.10.12"]
[Round "6"]
[White "Mrva,V"]
[Black "Hanzluvka,P"]
[Result "1/2-1/2"]
[WhiteElo "2240"]
[BlackElo "2128"]

1.e4 c5 2.Nf3 Nc6 3.Bb5 Nf6 4.e5 Nd5 5.O-O e6 6.Re1 Qc7 7.Bf1 d6 8.c4 Nb6
9.exd6 Bxd6 10.Nc3 a6 11.Ne4 Be7 12.d4 cxd4 13.Nxd4 O-O 14.Nxc6 Qxc6 15.Qe2 Nd7
16.g3 Rd8 17.Bg2 Qc7 18.Be3 Nf8 19.Rad1 Rxd1 20.Rxd1 Bd7 21.b3 Rd8 22.Rd2 Bc6
23.Qd1 Rxd2 24.Qxd2 Nd7 25.f4 h6 26.Kf2 f5 27.Nc3 Bxg2 28.Kxg2 Qc6+ 29.Kg1 Bc5
30.Qf2  1/2-1/2